[Event "ROM-ch U10 Boys"]
[Site "Voineasa"]
[Date "2008.04.16"]
[Round "7"]
[White "Stan, Antoniu"]
[Black "Brisan, George Iulian"]
[Result "1-0"]
[WhiteElo "416"]
[BlackElo "519"]
[PlyCount "72"]
[EventDate "2008.04.08"]
[EventType "swiss"]
[EventRounds "9"]
[EventCountry "ROU"]
[SourceTitle "EXT 2013"]
[Source "ChessBase"]
[SourceDate "2012.11.22"]
[SourceVersion "1"]
[SourceVersionDate "2012.11.22"]
[SourceQuality "1"]

1. e4 c5 2. Nf3 e6 3. d4 cxd4 4. Nxd4 a6 5. Nc3 Bb4 6. Bd2 Ne7 7. a3 Ba5 8. Be2 Nbc6 9. Nf3 0-0 10. 0-0 b5 11. Bd3 e5 12. Nd5 Bxd2 13. Nxe7+ Qxe7 14. Qxd2 h6 15. Rad1 Rd8 16. Qc3 Bb7 17. Rfe1 Rac8 18. Qd2 d6 19. Qe3 Na5 20. b3 f6 21. Nh4 Qf7 22. Nf5 Rc6 23. Qd2 Nxb3 24. cxb3 Qxb3 25. Re3 Qe6 26. Rg3 g5 27. Nxh6+ Kf8 28. Rf3 Ke7 29. Nf5+ Kd7 30. Ng7 Qg8 31. Nh5 Qg6 32. Nxf6+ Kc8 33. Nd5 Re8 34. Rg3 Kb8 35. Rxg5 Qf7 36. Rf5 Qg7 1-0

[Event "ROM-ch U10 Boys"]
[Site "Voineasa"]
[Date "2008.04.15"]
[Round "5"]
[White "Radulescu, Vlad Alexandru"]
[Black "Brisan, George Iulian"]
[Result "1-0"]
[WhiteElo "662"]
[BlackElo "519"]
[PlyCount "79"]
[EventDate "2008.04.08"]
[EventType "swiss"]
[EventRounds "9"]
[EventCountry "ROU"]
[SourceTitle "EXT 2013"]
[Source "ChessBase"]
[SourceDate "2012.11.22"]
[SourceVersion "1"]
[SourceVersionDate "2012.11.22"]
[SourceQuality "1"]

1. e4 e5 2. Nf3 Nc6 3. Bb5 d6 4. d4 exd4 5. Nxd4 Bd7 6. Nxc6 Bxc6 7. Bxc6+ bxc6 8. Nc3 Nf6 9. Bf4 h6 10. Qd2 Be7 11. 0-0-0 0-0 12. e5 dxe5 13. Qxd8 Rfxd8 14. Bxe5 Ne8 15. Rhe1 Bf6 16. Bxf6 Nxf6 17. Re7 Rxd1+ 18. Nxd1 Nd5 19. Re4 Rb8 20. Ne3 Nb4 21. c3 Nd3+ 22. Kc2 Rd8 23. Rc4 Ne5 24. Rc5 f6 25. f4 Nd3 26. Rxc6 Nxf4 27. Rxc7 Nd3 28. b3 Ne1+ 29. Kb2 Nd3+ 30. Kb1 Nf2 31. Rxa7 Rd3 32. Nf5 g6 33. Nxh6+ Kf8 34. Rf7+ Ke8 35. Rxf6 Nd1 36. Kc2 Rxc3+ 37. Kxd1 Rc5 38. Rxg6 Rd5+ 39. Kc2 Rc5+ 40. Kb2 1-0

[Event "ROM-ch U10 Boys"]
[Site "Voineasa"]
[Date "2008.04.13"]
[Round "2"]
[White "Acsinte, Matei Ionut"]
[Black "Brisan, George Iulian"]
[Result "1-0"]
[WhiteElo "628"]
[BlackElo "519"]
[PlyCount "83"]
[EventDate "2008.04.08"]
[EventType "swiss"]
[EventRounds "9"]
[EventCountry "ROU"]
[SourceTitle "EXT 2013"]
[Source "ChessBase"]
[SourceDate "2012.11.22"]
[SourceVersion "1"]
[SourceVersionDate "2012.11.22"]
[SourceQuality "1"]

1. e4 e5 2. Nf3 Nc6 3. Bb5 d6 4. d4 exd4 5. Nxd4 Bd7 6. 0-0 Nf6 7. c3 Be7 8. Nxc6 Bxc6 9. Bxc6+ bxc6 10. Qc2 0-0 11. Be3 c5 12. h3 h6 13. Nd2 d5 14. Rad1 c6 15. exd5 cxd5 16. Nb3 c4 17. Nd4 Bc5 18. Ne6 fxe6 19. Bxc5 Re8 20. Rfe1 e5 21. Be3 Rc8 22. a3 a5 23. f3 Qd6 24. g4 e4 25. f4 Nh7 26. Rd2 Rcd8 27. Rg2 g6 28. h4 Re7 29. f5 g5 30. Kf2 Rf7 31. Rf1 Rdd7 32. Qd2 Qe7 33. Rh2 Rd8 34. Bb6 Rb8 35. Be3 Rd8 36. Qe2 Qd6 37. hxg5 Nxg5 38. Bxg5 hxg5 39. Ke1 Rh7 40. Rxh7 Kxh7 41. Rh1+ Kg7 42. Qe3 1-0